000 00645nam a2200217Ia 4500
008 191130s2010##################000#0#eng##
020 _a9781439167359
022 _a2009046581
040 _aACL
_cACL
082 _a746.920681 LEW
100 _aLewellyn, Daisy
245 _aNever pay retail again : shop smart, spend less, and look your best ever
_cDaisy Lewellyn
250 _a1st Gallery Books trade pbk. ed
260 _aNew York
_bGallery Books
_c2010
300 _a247 p. : ill. ; 18 cm
650 _aClothing and dress
650 _aShopping
990 _a8c752e83ac10000c4e0e3ed16cdcc65d
991 _a327873
999 _c20799
_d20799